000 00341 a2200157 4500
001 178899
020 _a
040 _cMagnum
100 _aLadeira, Julieta de Godoy
240 1 0 _aRecife dos holandeses
_lpor
245 1 0 _aRecife dos holandeses
362 0 _a1899
440 1 _aÁtica
697 _aMAGNITO: PARADIDATICO
942 _cBK
999 _c178899
_d178899